000 00730nam a22002417a 4500
001 BR7806755
003 BR-BrBNA
005 20230928085752.0
007 ta
008 230509b bl.||||| |||| 00| 0 por d
040 _aBR-BrBNA
_bpor
_cBiblioteca Nacional de Agricultura
041 _a(Por)
072 _aN10
090 _ N10 BR7806755
110 1 _aAssociacao de Credito e Assistencia Rural do Parana, Curitiba (Brasil)
245 1 _aColecao de exercicios praticos em eletrificacao rural
260 3 _aCuritiba, PR (Brasil):
_c1978.
300 _a15 p.
500 _a(*) Documento disponível no(a) ACARPA, Curitiba (Brazil)
650 _aELETRIFICACAO RURAL
909 _a202309
_bLucia
_c55
_dLucia Elande
942 _cBK
999 _c26227
_d26227